Máximos goleadores de la Selección Española - Estadísticas

Estadísticas generales
  • Esta prueba ha sido intentada 322 veces
  • La puntuación promedio es 18 de 39
Estadísticas de respuestas
Goles Periodo Jugador % Correcto
59 2005-2017 David Villa
98%
38 2003-2014 Fernando Torres
96%
17 2020-Act. Ferrán Torres
96%
34 2014-Act. Álvaro Morata
95%
44 1996-2006 Raúl González
94%
14 2006-2018 Andrés Iniesta
92%
23 2005-2021 Sergio Ramos
89%
13 2000-2014 Xavi Hernández
88%
35 2006-2018 David Silva
82%
17 2010-2017 Pedro Rodríguez
72%
26 1984-1992 Emilio Butragueño
64%
16 2003-2014 Xabi Alonso
63%
15 2006-2016 Cesc Fàbregas
61%
29 1989-2002 Fernando Hierro
61%
23 1957-1961 Alfredo Di Stéfano
57%
27 1998-2007 Fernando Morientes
56%
10 2013-2018 Diego Costa
52%
10 2009-2016 Juan Mata
49%
14 1957-1972 Luis Suárez
47%
12 2013-2018 Isco Alarcón
44%
15 1975-1985 Carlos Alonso "Santillana"
43%
15 2008-2019 Santi Cazorla
40%
20 1945-1951 Telmo Zarra
39%
12 1991-2002 Luis Enrique Martínez
36%
10 2009-2013 Álvaro Negredo
34%
21 1985-1992 Míchel González
29%
16 1966-1978 José Martínez "Pirri"
28%
22 1986-1996 Julio Salinas
28%
11 1962-1974 Amancio Amaro
23%
11 1953-1961 Ladislao Kubala
16%
12 2014-Act. Paco Alcácer
16%
13 1993-2000 Julen Guerrero
13%
11 1992-2000 Alfonso Pérez
12%
10 1983-1986 Poli Rincón
9%
17 1932-1936 Isidro Lángara
7%
12 1997-2004 Joseba Etxeberría
7%
13 1949-1957 Estanislao Basora
3%
16 1927-1936 Luis Regueiro
3%
10 1977-1981 Dani Ruiz-Bazán
2%
No se encontraron pruebas coincidentes
Distribución de puntuación
Porcentaje de gente con cada puntuación
Porcentaje por número respondido
Historial de tus puntuaciones
No has intentado esta prueba.